[Event "26.Off.Bayer.Senioren-EM 2014"]
[Site "Bergen"]
[Date "2014.06.25"]
[Round "6.35"]
[White "Schindler, Jan"]
[Black "Hartlaub, Marianne"]
[Result "1-0"]
[WhiteElo "1637"]
[BlackElo "1348"]
[PlyCount "87"]
[EventDate "2014.??.??"]
[WhiteTeam "SC Anderssen Nürnberg 1929 e.V."]
[BlackTeam "SK 1982 Klingenberg e.V."]

1. Nf3 d6 2. d4 Nf6 3. g3 c6 4. Bg2 Bg4 5. c4 Nbd7 6. Nc3 Qc7 7. O-O h6 8. Re1
e5 9. h3 Bxf3 10. Bxf3 Be7 11. e3 O-O 12. Qc2 Nh7 13. b3 Ng5 14. Bg2 f5 15. Ne2
Rf7 16. Bb2 Raf8 17. f4 exf4 18. exf4 Nh7 19. Rad1 b6 20. Kh2 Re8 21. Bf3 g6
22. Nc1 Kf8 23. Re6 Rf6 24. Rde1 Rxe6 25. Rxe6 Kf7 26. Qe2 Nhf8 27. Re3 Qd8 28.
Nd3 Bf6 29. d5 Rxe3 30. Qxe3 Bxb2 31. Nxb2 c5 32. Qc3 Qf6 33. Nd1 Qxc3 34. Nxc3
a6 35. g4 Kf6 36. Kg3 g5 37. gxf5 gxf4+ 38. Kxf4 Ne5 39. Ne4+ Ke7 40. f6+ Kd7
41. Bg4+ Nxg4 42. hxg4 b5 43. Kf5 Kc7 44. g5 1-0

[Event "26.Off.Bayer.Senioren-EM 2014"]
[Site "Bergen"]
[Date "2014.06.25"]
[Round "6.36"]
[White "Huetter, Heinz"]
[Black "Alefs, Heinz"]
[Result "0-1"]
[WhiteElo "1438"]
[BlackElo "1627"]
[PlyCount "76"]
[EventDate "2014.??.??"]
[WhiteTeam "SC Eichenau"]
[BlackTeam "SC Eichenau"]

1. Nf3 f5 2. g3 g6 3. c4 Bg7 4. d3 d6 5. Bg2 Nf6 6. O-O O-O 7. Qc2 e5 8. Nc3 c6
9. a3 a5 10. Bd2 Qe8 11. b4 e4 12. Ng5 h6 13. Nh3 axb4 14. axb4 Rxa1 15. Rxa1
d5 16. Re1 Na6 17. Qb3 d4 18. Na4 Kh7 19. c5 Be6 20. Qb1 g5 21. Nb6 Bf7 22. Kh1
Nc7 23. Nc4 Bxc4 24. dxc4 Qe5 25. f4 Qe6 26. fxg5 Ng4 27. gxh6 Bxh6 28. Bg5 Qg6
29. Bh4 Ne6 30. Kg1 Be3+ 31. Kh1 Ra8 32. Rf1 Kh6 33. Qc2 Ra3 34. Qb2 Rc3 35.
Qa2 d3 36. exd3 exd3 37. Bf3 Rc2 38. Qa8 Rxh2# 0-1

[Event "26.Off.Bayer.Senioren-EM 2014"]
[Site "Bergen"]
[Date "2014.06.25"]
[Round "6.37"]
[White "Oser, Thor"]
[Black "Jurgan, Brigitte"]
[Result "1-0"]
[WhiteElo "1622"]
[BlackElo "1225"]
[PlyCount "57"]
[EventDate "2014.??.??"]
[WhiteTeam "SK 1929 Jöhlingen"]
[BlackTeam "SF Bad Reichenhall"]

1. d4 d5 2. e3 Nf6 3. Bd3 g6 4. Nd2 c6 5. f4 Bg4 6. Ngf3 e6 7. h3 Bxf3 8. Qxf3
Bg7 9. g4 Nbd7 10. c3 a6 11. g5 Ng8 12. h4 Ne7 13. e4 dxe4 14. Nxe4 Qc7 15. b3
Nf5 16. Bb2 Qa5 17. Nd2 b5 18. Qxc6 Qd8 19. Qf3 Nb6 20. h5 Nd5 21. hxg6 fxg6
22. Bxf5 exf5 23. O-O-O Ra7 24. Rde1+ Re7 25. Rxe7+ Kxe7 26. c4 bxc4 27. bxc4
Nb4 28. Qb7+ Kf8 29. Qxb4+ 1-0

[Event "26.Off.Bayer.Senioren-EM 2014"]
[Site "Bergen"]
[Date "2014.06.25"]
[Round "6.38"]
[White "Schoenfelder, Heinrich"]
[Black "Siegl, Wolfgang"]
[Result "1/2-1/2"]
[WhiteElo "1692"]
[BlackElo "1522"]
[PlyCount "92"]
[EventDate "2014.??.??"]
[WhiteTeam "SC Tarrasch 45 München"]
[BlackTeam "SK 1926 Nördlingen-Ries"]

1. d4 g6 2. e4 d6 3. Nf3 Bg7 4. c3 Nf6 5. Bd3 O-O 6. O-O Nbd7 7. h3 c6 8. Be3
e5 9. Nbd2 Re8 10. Qc2 Qc7 11. Rac1 Nb6 12. b3 Bd7 13. dxe5 dxe5 14. Rfd1 Rad8
15. Bg5 Qd6 16. Nf1 h6 17. Bh4 Qe7 18. c4 Bc8 19. Ne3 Nbd7 20. c5 g5 21. Bg3
Nh5 22. Nf5 Qf6 23. Nxg7 Kxg7 24. Bh2 Nf4 25. Bf1 Nxh3+ 26. gxh3 Qxf3 27. Bg2
Qh5 28. Qc3 f6 29. b4 Nf8 30. Rxd8 Rxd8 31. a3 Ne6 32. Re1 Nd4 33. Qd3 Be6 34.
Kf1 Rd7 35. Qc3 Nb5 36. Qe3 Bc4+ 37. Kg1 Rd3 38. Qc1 Be6 39. Bf1 Rc3 40. Qb2
Bxh3 41. Bxb5 Qg4+ 42. Bg3 Rxg3+ 43. fxg3 cxb5 44. Qf2 Qd7 45. Re2 Qd1+ 46. Qe1
Qd4+ 1/2-1/2

[Event "26.Off.Bayer.Senioren-EM 2014"]
[Site "Bergen"]
[Date "2014.06.25"]
[Round "6.39"]
[White "Lueders, Guenter"]
[Black "Rudek, Gerald"]
[Result "1-0"]
[WhiteElo "1659"]
[BlackElo "1394"]
[PlyCount "45"]
[EventDate "2014.??.??"]
[WhiteTeam "TSV 1883 Benshausen"]
[BlackTeam "SC Feuchtwangen 1911 e.V."]

1. d4 f5 2. Nf3 Nf6 3. Bf4 e6 4. h3 c5 5. c3 Qb6 6. Qc2 Nc6 7. e3 cxd4 8. exd4
Be7 9. Nbd2 d5 10. Be2 Bd7 11. O-O Rc8 12. Qb3 Qxb3 13. axb3 O-O 14. Ne5 a6 15.
b4 Na7 16. Nb3 Bb5 17. Bxb5 Nxb5 18. Nc5 Nd6 19. Nxe6 Rfe8 20. Nc5 Nh5 21. Bh2
Bf6 22. Ned3 Re2 23. Bxd6 1-0

[Event "26.Off.Bayer.Senioren-EM 2014"]
[Site "Bergen"]
[Date "2014.06.25"]
[Round "6.40"]
[White "Jehn, Detlef"]
[Black "Wolfram, Gisbert"]
[Result "0-1"]
[WhiteElo "1449"]
[BlackElo "1637"]
[PlyCount "107"]
[EventDate "2014.??.??"]
[WhiteTeam "SF Bad Reichenhall"]
[BlackTeam "SU Ebersberg-Grafing"]

1. e4 c6 2. Bc4 d5 3. exd5 cxd5 4. Bb3 Nf6 5. h3 Nc6 6. Nf3 e6 7. d3 Bd6 8. O-O
O-O 9. Nc3 a6 10. Ne2 Na5 11. c3 Nxb3 12. Qxb3 Qc7 13. Be3 Nd7 14. Rac1 Nc5 15.
Bxc5 Bxc5 16. d4 Bd6 17. c4 dxc4 18. Rxc4 Qe7 19. Qe3 Bd7 20. Ne5 Bb5 21. Rc2
Rac8 22. Rfc1 Rxc2 23. Rxc2 f6 24. Nc4 Rc8 25. b3 Bd7 26. Qd3 Bb8 27. Ne3 Rxc2
28. Qxc2 Bc6 29. Ng3 Qd6 30. Qc4 g6 31. Qc5 Kf7 32. Qxd6 Bxd6 33. Ne2 Bb4 34.
Nc2 Ba5 35. f3 Bb5 36. Kf1 Ke7 37. b4 Bb6 38. Ke1 Kd6 39. Kd2 Bc4 40. a3 Bd5
41. Kd3 g5 42. Nc3 Bc6 43. a4 h5 44. a5 Bd8 45. Ne3 b6 46. Nc4+ Kc7 47. axb6+
Kb7 48. Na5+ Kxb6 49. Nxc6 Kxc6 50. Kc4 Be7 51. d5+ exd5+ 52. Nxd5 Bd8 53. Ne3
h4 54. Nf5 0-1

[Event "26.Off.Bayer.Senioren-EM 2014"]
[Site "Bergen"]
[Date "2014.06.25"]
[Round "6.41"]
[White "Goy, Udo"]
[Black "Jagdhuber, Hans"]
[Result "1-0"]
[WhiteElo "2032"]
[BlackElo "1876"]
[PlyCount "216"]
[EventDate "2014.??.??"]
[WhiteTeam "Ford Schachfreunde Köln e.V."]
[BlackTeam "SK Keres-Augsburg 1980"]

1. d4 Nf6 2. c4 e6 3. Nc3 Bb4 4. Nf3 b6 5. Bg5 h6 6. Bh4 Bb7 7. e3 g5 8. Bg3
Ne4 9. Nd2 Nxg3 10. hxg3 Bxc3 11. bxc3 Qf6 12. Qc2 d6 13. Ne4 Qe7 14. g4 Nd7
15. Bd3 f5 16. gxf5 exf5 17. Ng3 Bxg2 18. Nxf5 Qf6 19. Rh2 Bb7 20. O-O-O O-O-O
21. Be4 h5 22. Bxb7+ Kxb7 23. Qe4+ Kb8 24. Ne7 Ne5 25. Nd5 Qf3 26. Qxf3 Nxf3
27. Rg2 g4 28. Rh1 Rdg8 29. Nf6 Rg6 30. Rxh5 Rxh5 31. Nxh5 Ne1 32. Nf4 Rg8 33.
Rg3 Kb7 34. Kd2 Nf3+ 35. Kd3 Rg5 36. Ng2 Nh2 37. Ne1 Ra5 38. Rg2 Nf3 39. Nxf3
gxf3 40. Rg3 Rxa2 41. Rxf3 a5 42. Rf5 a4 43. f4 a3 44. Rh5 Rf2 45. Rh1 Ka6 46.
Ra1 a2 47. f5 Rxf5 48. Rxa2+ Kb7 49. Rh2 Rg5 50. Rh4 Kc6 51. Ke4 Kd7 52. Rh7+
Kd8 53. Rf7 Ra5 54. Rf5 Ra3 55. Kd3 Ke7 56. Rh5 Ra1 57. c5 bxc5 58. dxc5 Kd7
59. cxd6 cxd6 60. Rh7+ Ke6 61. Rc7 Rd1+ 62. Ke2 Rh1 63. c4 Rh2+ 64. Kd3 Rh3 65.
Rc6 Kd7 66. Ra6 Rh1 67. Ra7+ Kc6 68. Ra6+ Kd7 69. Kd4 Rd1+ 70. Ke4 Rc1 71. Ra4
Ke6 72. Kd3 Rd1+ 73. Kc2 Re1 74. Kd2 Rh1 75. Ra8 Rh5 76. Rg8 Rh4 77. Kd3 Rh3
78. Rg5 Kf7 79. Ra5 Ke6 80. Kd4 Rh4+ 81. Kd3 Rh3 82. Ra6 Kd7 83. Ra8 Rh5 84.
Rg8 Kc6 85. Rg4 Kc5 86. Rf4 d5 87. cxd5 Kxd5 88. Rg4 Rh1 89. Ra4 Ke6 90. Kd4
Rd1+ 91. Ke4 Rh1 92. Ra6+ Ke7 93. Kd4 Rd1+ 94. Ke5 Rh1 95. Ra7+ Ke8 96. e4 Rh5+
97. Kd6 Rh6+ 98. Kd5 Kf8 99. Rd7 Ke8 100. Rd6 Rh5+ 101. e5 Ke7 102. Ra6 Rg5
103. Ra7+ Ke8 104. Kd6 Rg1 105. Ra8+ Kf7 106. e6+ Kg7 107. e7 Rd1+ 108. Kc5 Re1
1-0

[Event "26.Off.Bayer.Senioren-EM 2014"]
[Site "Bergen"]
[Date "2014.06.25"]
[Round "6.42"]
[White "Peiberg, Ehrhard"]
[Black "Weyand, Fernand"]
[Result "1/2-1/2"]
[WhiteElo "1483"]
[BlackElo "1587"]
[PlyCount "38"]
[EventDate "2014.??.??"]
[WhiteTeam "SC Erlangen 48/88"]
[BlackTeam "SVG Saarbrücken 1970 e.V."]

1. d4 d5 2. c4 c6 3. cxd5 cxd5 4. Nc3 Nf6 5. Nf3 Nc6 6. Bf4 a6 7. e3 Bg4 8. Be2
e6 9. O-O Bd6 10. Bxd6 Qxd6 11. h3 Bxf3 12. Bxf3 O-O 13. Qd2 Rac8 14. Rfc1 Rc7
15. Na4 Nd7 16. Be2 Rfc8 17. Nc5 Nxc5 18. Rxc5 Ne7 19. Rxc7 Qxc7 1/2-1/2

[Event "26.Off.Bayer.Senioren-EM 2014"]
[Site "Bergen"]
[Date "2014.06.25"]
[Round "6.43"]
[White "Stephan, Hubert"]
[Black "Neiss, Albrecht"]
[Result "1-0"]
[WhiteElo "1540"]
[BlackElo "1342"]
[PlyCount "95"]
[EventDate "2014.??.??"]
[WhiteTeam "SC Prien"]
[BlackTeam "SC Kirchseeon e.V."]

1. e4 c5 2. Nf3 Nc6 3. Bc4 e6 4. Nc3 Nge7 5. d4 d5 6. exd5 exd5 7. Bb3 c4 8.
Ba4 a6 9. Bxc6+ Nxc6 10. O-O Be7 11. Re1 O-O 12. Ne5 Re8 13. Nxc6 bxc6 14. Ne2
Rb8 15. c3 Qb6 16. Ng3 Be6 17. Rb1 c5 18. Be3 cxd4 19. Bxd4 Bc5 20. Bxc5 Qxc5
21. Qd2 Rbd8 22. Rbd1 a5 23. h3 a4 24. a3 Rb8 25. Re2 Rb7 26. Nh5 f6 27. Rde1
Rbe7 28. Qf4 Bf7 29. Ng3 Rxe2 30. Rxe2 Qb5 31. Rxe8+ Qxe8 32. Qe3 Qxe3 33. fxe3
g6 34. Ne2 Kf8 35. Kf2 Ke7 36. Nd4 Kd7 37. Kf3 f5 38. Kf4 Be6 39. Ke5 Bg8 40.
Kf6 Kd6 41. h4 Kd7 42. Kg7 Be6 43. Kxh7 Bf7 44. Kg7 Ke7 45. Nc6+ Ke8 46. Ne5
Be6 47. Nxg6 Bf7 48. h5 1-0

[Event "26.Off.Bayer.Senioren-EM 2014"]
[Site "Bergen"]
[Date "2014.06.25"]
[Round "6.44"]
[White "Malik, Heinz"]
[Black "Malik, Rosemarie"]
[Result "1-0"]
[WhiteElo "1568"]
[BlackElo "1327"]
[PlyCount "73"]
[EventDate "2014.??.??"]
[WhiteTeam "SK Großweil"]
[BlackTeam "SK Großweil"]

1. d4 d5 2. c4 Nf6 3. Nf3 e6 4. Nc3 dxc4 5. Bg5 Be7 6. e3 O-O 7. Bxc4 Nbd7 8.
O-O b6 9. Rc1 Bb7 10. Re1 c5 11. Qe2 h6 12. Bh4 Re8 13. a3 Ne4 14. Bxe7 Qxe7
15. Nxe4 Bxe4 16. Red1 Nf6 17. dxc5 bxc5 18. Ne5 Rac8 19. f3 Bb7 20. e4 Red8
21. Rd3 Rxd3 22. Nxd3 Rd8 23. Nf2 Nd7 24. Rd1 Nb6 25. Bb3 Rxd1+ 26. Qxd1 Ba6
27. Bc2 c4 28. Qd4 f6 29. Nd1 Qe8 30. Nc3 e5 31. Qd6 Kh7 32. h3 Bb7 33. Qc7 Nd7
34. Qxb7 Nc5 35. Qd5 Nd3 36. Bxd3 cxd3 37. Qxd3 1-0

[Event "26.Off.Bayer.Senioren-EM 2014"]
[Site "Bergen"]
[Date "2014.06.25"]
[Round "6.45"]
[White "Garms, Ilse"]
[Black "Ewald, Frithjof"]
[Result "1-0"]
[WhiteElo "1532"]
[BlackElo "1355"]
[PlyCount "89"]
[EventDate "2014.??.??"]
[WhiteTeam "ESV 1949 Eberswalde e.V."]
[BlackTeam "SF Bad Reichenhall"]

1. d4 d5 2. e3 Nf6 3. Nd2 e6 4. Ngf3 Nbd7 5. Bd3 c5 6. c3 c4 7. Bc2 b5 8. O-O
Bd6 9. e4 dxe4 10. Nxe4 Be7 11. Bf4 Qb6 12. h3 O-O 13. Re1 Bb7 14. Ng3 Rfe8 15.
Bd2 a5 16. b3 Bd5 17. bxc4 Bxc4 18. Be3 Nd5 19. Nd2 Qc7 20. Nxc4 bxc4 21. Bd2
N7f6 22. Rb1 Bd6 23. Nh5 Nxh5 24. Qxh5 Nf6 25. Qf3 Rab8 26. Bg5 Be7 27. Bf4 Bd6
28. Bg5 Be7 29. Bh4 h6 30. Qe2 Nd5 31. Bg3 Bd6 32. Rxb8 Rxb8 33. Bxd6 Qxd6 34.
Qxc4 Nb6 35. Qd3 g6 36. a4 Nd5 37. Rb1 Rxb1+ 38. Bxb1 Qa3 39. c4 Qxd3 40. Bxd3
Nc3 41. Kf1 Nxa4 42. Ke1 Nb2 43. Kd2 a4 44. c5 Nxd3 45. Kxd3 1-0

[Event "26.Off.Bayer.Senioren-EM 2014"]
[Site "Bergen"]
[Date "2014.06.25"]
[Round "6.46"]
[White "Rosmann, Armin"]
[Black "Braeu, Emmi"]
[Result "1-0"]
[WhiteElo "1505"]
[BlackElo "1331"]
[PlyCount "69"]
[EventDate "2014.??.??"]
[WhiteTeam "SG Büchenbach/Roth e.V."]
[BlackTeam "SK Marktoberdorf"]

1. c4 c5 2. Nf3 Nf6 3. Nc3 Nc6 4. e3 g6 5. d4 cxd4 6. Nxd4 Bg7 7. Nxc6 bxc6 8.
Be2 O-O 9. O-O Rb8 10. Rb1 d5 11. Qa4 Qc7 12. Rd1 Bf5 13. Bd3 Bd7 14. f3 Rb7
15. Qc2 Rfb8 16. b3 Be6 17. Ne2 Nd7 18. Nf4 Ne5 19. Nxe6 fxe6 20. Be2 Nf7 21.
e4 d4 22. c5 Kf8 23. Ba6 Rb4 24. a3 Qa5 25. axb4 Qxa6 26. Bd2 d3 27. Qc4 Qc8
28. Qxd3 Ne5 29. Qe2 Nd7 30. f4 Bd4+ 31. Kh1 Nf6 32. f5 Nxe4 33. Bh6+ Kf7 34.
Rxd4 exf5 35. Rxe4 1-0

[Event "26.Off.Bayer.Senioren-EM 2014"]
[Site "Bergen"]
[Date "2014.06.25"]
[Round "6.47"]
[White "Nieswandt, Joseph"]
[Black "Walther, Renate"]
[Result "1-0"]
[WhiteElo "1443"]
[BlackElo "818"]
[PlyCount "71"]
[EventDate "2014.??.??"]
[WhiteTeam "SC Wangen"]
[BlackTeam "SK 1911 Herzogenaurach e.V."]

1. b4 e5 2. Bb2 Nc6 3. b5 Nd4 4. Bxd4 exd4 5. e3 Bc5 6. Qg4 Qf6 7. Qe4+ Ne7 8.
c3 d5 9. Qf3 Qxf3 10. Nxf3 dxe3 11. dxe3 O-O 12. Be2 Bg4 13. Ne5 Bxe2 14. Kxe2
Rad8 15. a4 Bd6 16. Nf3 h6 17. Rd1 Rfe8 18. Kf1 Bc5 19. Nbd2 Nf5 20. Nd4 Bxd4
21. cxd4 Re7 22. Rdc1 g6 23. Nb3 Rd6 24. Na5 b6 25. Nc6 Re8 26. Nxa7 Rde6 27.
Rxc7 Nxe3+ 28. fxe3 Rxe3 29. Rc8 Kf8 30. Rxe8+ Rxe8 31. Nc6 h5 32. a5 Ra8 33.
a6 Kg7 34. Re1 Kf8 35. Re7 Rc8 36. Rb7 1-0

[Event "26.Off.Bayer.Senioren-EM 2014"]
[Site "Bergen"]
[Date "2014.06.25"]
[Round "6.48"]
[White "Kunert, Helmut"]
[Black "Wilfert, Eva-Maria"]
[Result "1-0"]
[WhiteElo "1491"]
[BlackElo "1414"]
[PlyCount "111"]
[EventDate "2014.??.??"]
[WhiteTeam "SF Bad Reichenhall"]
[BlackTeam "PTSV SK Hof 1892"]

1. e4 d5 2. exd5 Qxd5 3. Nc3 Qa5 4. d4 c6 5. Bd2 Qc7 6. Nf3 Nf6 7. Bc4 e6 8.
Qe2 Be7 9. Bd3 Nbd7 10. a3 a5 11. O-O O-O 12. Ne4 Nxe4 13. Bxe4 Nf6 14. Bd3 b6
15. Bg5 Bb7 16. c3 Rfe8 17. Qc2 g6 18. Rad1 Rac8 19. Bxf6 Bxf6 20. Nd2 e5 21.
Ne4 Bg7 22. Bc4 exd4 23. cxd4 Red8 24. Ng5 Rf8 25. Qb3 b5 26. Be2 h6 27. Nf3
Rcd8 28. Rc1 Qd6 29. Rfd1 Qd5 30. Qxd5 Rxd5 31. Ne5 Rd6 32. Bf3 Rc8 33. Bg4
Rcd8 34. Bf3 Bxe5 35. dxe5 Rxd1+ 36. Rxd1 Rxd1+ 37. Bxd1 c5 38. Be2 Bc6 39. f4
c4 40. Kf2 Kf8 41. Ke3 Ke7 42. Kd4 Kd7 43. g4 Kc7 44. h4 Kb6 45. g5 hxg5 46.
fxg5 Bd7 47. h5 gxh5 48. Bxh5 Be6 49. Bf3 Bf5 50. Be4 Be6 51. Bd5 Bxd5 52. Kxd5
b4 53. Kxc4 bxa3 54. bxa3 Kc6 55. e6 fxe6 56. g6 1-0

[Event "26.Off.Bayer.Senioren-EM 2014"]
[Site "Bergen"]
[Date "2014.06.27"]
[Round "7.1"]
[White "Urytskyy, Arkadiy"]
[Black "Koller, Hubert"]
[Result "1/2-1/2"]
[WhiteElo "2084"]
[BlackElo "2089"]
[PlyCount "90"]
[EventDate "2014.??.??"]
[WhiteTeam "TSV Bindlach Aktionär-Schachabte"]
[BlackTeam "Mostarriche/Ypps"]

1. Nf3 d5 2. g3 c5 3. c4 d4 4. Bg2 Nc6 5. O-O g6 6. d3 Bg7 7. Na3 e5 8. Rb1
Nge7 9. Nc2 a5 10. b3 O-O 11. a3 Rb8 12. b4 b6 13. Bg5 f6 14. Bd2 Qc7 15. e3
Be6 16. bxc5 bxc5 17. Rb5 e4 18. dxe4 Bxc4 19. Rxc5 Bxf1 20. Qxf1 dxe3 21. Nxe3
Qd6 22. Qc4+ Kh8 23. Nd5 Rfc8 24. Bh3 Rd8 25. Bf4 Ne5 26. Bxe5 fxe5 27. Ng5 Rf8
28. Ne6 Nxd5 29. Rxd5 Qxa3 30. Nxf8 Rxf8 31. Rd7 Qa1+ 32. Kg2 Qb2 33. Rf7 Rxf7
34. Qxf7 Qb8 35. Be6 a4 36. h4 Qf8 37. Qa7 a3 38. Bd5 Bf6 39. Qa6 Bg7 40. Qe6
Qb8 41. g4 Qf8 42. h5 gxh5 43. gxh5 h6 44. Qg6 Qf6 45. Qxf6 Bxf6 1/2-1/2

[Event "26.Off.Bayer.Senioren-EM 2014"]
[Site "Bergen"]
[Date "2014.06.27"]
[Round "7.2"]
[White "Roeder, Gerd"]
[Black "Goy, Udo"]
[Result "0-1"]
[WhiteElo "2016"]
[BlackElo "2032"]
[PlyCount "94"]
[EventDate "2014.??.??"]
[WhiteTeam "SV Altensittenbach"]
[BlackTeam "Ford Schachfreunde Köln e.V."]

1. e4 d6 2. c4 e5 3. Ne2 Nc6 4. d4 Nf6 5. Nbc3 Bd7 6. d5 Ne7 7. Ng3 c6 8. Bd3
Ng6 9. O-O h5 10. Nge2 Be7 11. h3 h4 12. f4 exf4 13. Nxf4 Ne5 14. Be3 g5 15.
Nfe2 g4 16. Nf4 Qc8 17. dxc6 bxc6 18. c5 dxc5 19. Qe2 gxh3 20. Ba6 h2+ 21. Kxh2
Qc7 22. Kh1 Qa5 23. Bd3 O-O-O 24. a3 c4 25. Bc2 h3 26. gxh3 Bxh3 27. Nxh3 Rxh3+
28. Kg2 Rh7 29. Rg1 Nfg4 30. Bf4 Rg8 31. Kf1 Rhg7 32. Rg3 Bh4 33. Rh3 Nf2 34.
Qe3 Nxh3 35. Qxh3+ Kb7 36. Ne2 Rg4 37. Qc3 Qxc3 38. bxc3 Nd3 39. Be3 Rxe4 40.
Bg1 Rxe2 41. Rb1+ Ka6 42. Bb3 Rxg1+ 43. Kxe2 Rxb1 44. Bxc4+ Kb6 45. Kxd3 f5 46.
Kd4 Rc1 47. Bd3 Bf6+ 0-1

[Event "26.Off.Bayer.Senioren-EM 2014"]
[Site "Bergen"]
[Date "2014.06.27"]
[Round "7.3"]
[White "Fischer, Gerd"]
[Black "Schmidt, Gerhard"]
[Result "0-1"]
[WhiteElo "2008"]
[BlackElo "2152"]
[PlyCount "30"]
[EventDate "2014.??.??"]
[WhiteTeam "FC Gunzenhausen 1910 e.V"]
[BlackTeam "Schachclub Unterhaching e.V."]

1. e4 c5 2. Nf3 d6 3. d4 cxd4 4. Nxd4 Nf6 5. Nc3 a6 6. Be2 e5 7. Nb3 Be7 8. Be3
Be6 9. O-O Nbd7 10. Bf3 Rc8 11. Rc1 b5 12. a3 O-O 13. Kh1 Qc7 14. g4 Nb6 15.
Nd2 Nc4 0-1

[Event "26.Off.Bayer.Senioren-EM 2014"]
[Site "Bergen"]
[Date "2014.06.27"]
[Round "7.4"]
[White "Stolpynskyy, Mark"]
[Black "Roeder, Frank"]
[Result "0-1"]
[WhiteElo "1943"]
[BlackElo "2184"]
[PlyCount "120"]
[EventDate "2014.??.??"]
[WhiteTeam "SW Nürnberg Süd e.V."]
[BlackTeam "SV Altensittenbach"]

1. d4 d5 2. Nf3 Nf6 3. c4 c6 4. Qc2 Bg4 5. Ne5 e6 6. Nxg4 Nxg4 7. h3 Nf6 8. Bf4
Bd6 9. Bxd6 Qxd6 10. Nd2 O-O 11. g3 dxc4 12. Qxc4 e5 13. dxe5 Qxe5 14. Qb3 Nbd7
15. Nf3 Qe4 16. Bg2 Rfe8 17. O-O Nc5 18. Qc3 Qe7 19. e3 Nce4 20. Qc2 Rad8 21.
Rad1 Nd5 22. a3 Nxg3 23. Rxd5 cxd5 24. fxg3 Qxe3+ 25. Kh2 Rc8 26. Qa4 Qb6 27.
Qd4 Re2 28. Qxd5 Qxb2 29. Nd4 Rxg2+ 30. Qxg2 Qxd4 31. Qxb7 Rc2+ 32. Kh1 Qc4 33.
Qb8+ Qc8 34. Qxc8+ Rxc8 35. Rb1 g6 36. Rb7 Rc3 37. Rxa7 Rxg3 38. Kh2 Rc3 39. a4
g5 40. a5 Kg7 41. Ra6 h5 42. Rb6 Ra3 43. a6 f6 44. Rb7+ Kg6 45. a7 g4 46. h4
Ra4 47. Kg2 f5 48. Rb6+ Kg7 49. Rb7+ Kf6 50. Rb6+ Ke5 51. Rb5+ Ke6 52. Rb6+ Ke7
53. Rh6 f4 54. Rxh5 Ra2+ 55. Kg1 Kf6 56. Rh7 g3 57. Rb7 f3 58. Rb1 Rxa7 59. Kf1
Ra2 60. Kg1 Rh2 0-1

[Event "26.Off.Bayer.Senioren-EM 2014"]
[Site "Bergen"]
[Date "2014.06.27"]
[Round "7.5"]
[White "Daeubler, Heinrich"]
[Black "Glueck, Josef"]
[Result "1-0"]
[WhiteElo "2044"]
[BlackElo "1899"]
[PlyCount "85"]
[EventDate "2014.??.??"]
[WhiteTeam "Schachclub Haselmühl"]
[BlackTeam "SG Traunstein/Traunreut e.V."]

1. d4 Nf6 2. c4 e6 3. Nf3 Bb4+ 4. Bd2 Qe7 5. Qb3 a5 6. e3 b6 7. Bd3 Bb7 8. a3
Bxd2+ 9. Nbxd2 O-O 10. O-O d6 11. e4 Nbd7 12. Qc2 e5 13. d5 a4 14. b4 axb3 15.
Nxb3 Ra7 16. Ra2 Rfa8 17. Rfa1 Ne8 18. a4 Nc5 19. Nxc5 dxc5 20. a5 bxa5 21. Qc3
a4 22. Qc2 a3 23. Qc3 Nd6 24. Rxa3 Rxa3 25. Rxa3 Rxa3 26. Qxa3 f5 27. Qxc5 Kf7
28. Qe3 h6 29. Nd2 f4 30. Qa7 Bc8 31. c5 Nb7 32. Ba6 Bg4 33. Bxb7 f3 34. d6 Qg5
35. Bd5+ Kg6 36. Qa2 cxd6 37. cxd6 Bd7 38. Bf7+ Kf6 39. g3 Qg4 40. Bg8 Be8 41.
Qb3 Bh5 42. Nxf3 Qxf3 43. Qe6+ 1-0

[Event "26.Off.Bayer.Senioren-EM 2014"]
[Site "Bergen"]
[Date "2014.06.27"]
[Round "7.6"]
[White "Walther, Reinhard"]
[Black "Selig, Rainer"]
[Result "1/2-1/2"]
[WhiteElo "1885"]
[BlackElo "1966"]
[PlyCount "52"]
[EventDate "2014.??.??"]
[WhiteTeam "SK 1911 Herzogenaurach e.V."]
[BlackTeam "Spielver. Ebersbach/SA."]

1. d4 d5 2. c4 dxc4 3. Nc3 Nf6 4. e4 e5 5. d5 b5 6. Bg5 a6 7. a4 b4 8. Na2 Bc5
9. Bxc4 Bxf2+ 10. Kf1 h6 11. Bxf6 Qxf6 12. Qf3 Bxg1 13. Rxg1 a5 14. Rc1 Ba6 15.
Qxf6 gxf6 16. Ke2 Kd8 17. Bxa6 Rxa6 18. Rc4 Rg8 19. g3 Nd7 20. Nc1 Ra7 21. b3
h5 22. Nd3 Rg5 23. Rgc1 f5 24. Nf2 Nf6 25. Nh3 Rg4 26. Nf2 Rg5 1/2-1/2

[Event "26.Off.Bayer.Senioren-EM 2014"]
[Site "Bergen"]
[Date "2014.06.27"]
[Round "7.7"]
[White "Gerl, Hans"]
[Black "Miskevicer, Boris"]
[Result "1-0"]
[WhiteElo "1917"]
[BlackElo "2079"]
[PlyCount "119"]
[EventDate "2014.??.??"]
[WhiteTeam "SK Zirndorf e.V."]
[BlackTeam "SG Schwabing München Nord e.V."]

1. d4 Nf6 2. c4 g6 3. Nc3 Bg7 4. e4 d6 5. Be2 O-O 6. Bg5 c5 7. d5 a6 8. Qc2 b5
9. cxb5 axb5 10. Nxb5 Bd7 11. Nc3 Na6 12. Bxa6 Rxa6 13. Nf3 Qc7 14. O-O Rb8 15.
Nd2 e6 16. dxe6 Bxe6 17. b3 Ng4 18. h3 Nh6 19. Qd3 Qa5 20. Bxh6 Bxh6 21. f4 Bg7
22. Rac1 f5 23. Nc4 Bd4+ 24. Kh1 Qc7 25. e5 dxe5 26. fxe5 Bxc3 27. Rxc3 Rxa2
28. Rf3 Rd8 29. Nd6 Qc6 30. Rc2 Ra3 31. Rc3 Ra2 32. Rc2 Ra1+ 33. Kh2 Bd5 34.
Qc3 Rb1 35. Rg3 Rxb3 36. Qxc5 Qxc5 37. Rxc5 Rxg3 38. Kxg3 Be6 39. Rc7 Bd7 40.
Kf4 Be6 41. Kg5 Rd7 42. Rc8+ Kg7 43. Ne8+ Kf7 44. Nf6 Rd2 45. Rc7+ Kf8 46.
Nxh7+ Ke8 47. Kf6 Bd7 48. Ra7 Kd8 49. e6 Bxe6 50. Kxe6 Rxg2 51. Ra3 f4 52. Ke5
Rg3 53. Rxg3 fxg3 54. Ng5 Ke7 55. Kf4 g2 56. Nf3 Kf6 57. Kg4 g5 58. Ng1 Kg6 59.
Ne2 Kh6 60. Ng1 1-0

[Event "26.Off.Bayer.Senioren-EM 2014"]
[Site "Bergen"]
[Date "2014.06.27"]
[Round "7.8"]
[White "Schroeder, Klaus"]
[Black "Neubauer, Jaroslaus"]
[Result "0-1"]
[WhiteElo "1680"]
[BlackElo "1889"]
[PlyCount "98"]
[EventDate "2014.??.??"]
[WhiteTeam "SC Karlsdorf"]
[BlackTeam "Schachklub Schweinfurt 2000 e.V."]

1. Nf3 Nf6 2. d4 e6 3. e3 b6 4. Bd3 Bb7 5. Nbd2 c5 6. O-O d5 7. b3 Nbd7 8. Bb2
Be7 9. Ne5 O-O 10. f4 Ne4 11. Ndf3 f6 12. Nxd7 Qxd7 13. c4 Rad8 14. Qc2 cxd4
15. exd4 Rc8 16. Rfe1 Bd6 17. Bc1 Qc7 18. g3 Qf7 19. Qe2 Rfe8 20. Bb2 h6 21. a3
a5 22. Nd2 f5 23. Nf3 Rc7 24. Rec1 Rec8 25. Rc2 Qg6 26. Nh4 Qe8 27. Rac1 Qd8
28. Nf3 Qe7 29. Ra1 Ba6 30. a4 Kh7 31. Re1 Bb7 32. Ne5 Bxe5 33. fxe5 Qg5 34.
Rf1 dxc4 35. Bxe4 Bxe4 36. Bc1 Qd8 37. Rxc4 Rxc4 38. bxc4 Qxd4+ 39. Be3 Qxc4
40. Qxc4 Rxc4 41. Bxb6 Rxa4 42. Rc1 Ra2 43. Bf2 a4 44. Kf1 Bd5 45. Rc5 a3 46.
Ra5 Ra1+ 47. Ke2 a2 48. Bd4 Rh1 49. h4 Rh2+ 0-1

[Event "26.Off.Bayer.Senioren-EM 2014"]
[Site "Bergen"]
[Date "2014.06.27"]
[Round "7.9"]
[White "Duerr, Rainer"]
[Black "Kammel, Rudolf"]
[Result "1-0"]
[WhiteElo "1861"]
[BlackElo "1613"]
[PlyCount "55"]
[EventDate "2014.??.??"]
[WhiteTeam "SC Prien"]
[BlackTeam "SC Bavaria Regensb.1881"]

1. d4 d5 2. Nf3 Bf5 3. e3 e6 4. c4 c6 5. Nc3 Nd7 6. Bd2 Ngf6 7. Nh4 Bg6 8. Nxg6
hxg6 9. g3 Bb4 10. a3 Bxc3 11. Bxc3 dxc4 12. Bxc4 Nd5 13. Bd2 N7f6 14. Qf3 Qd7
15. Rc1 Rd8 16. O-O e5 17. dxe5 Qh3 18. Qg2 Ng4 19. Be2 Nxe5 20. Qxh3 Rxh3 21.
Kg2 Rh7 22. Rfd1 f6 23. f4 Nf7 24. e4 Ne7 25. Be3 Nc8 26. h4 Nfd6 27. Bd3 Kf7
28. e5 1-0

[Event "26.Off.Bayer.Senioren-EM 2014"]
[Site "Bergen"]
[Date "2014.06.27"]
[Round "7.10"]
[White "Pidtoptanyy, Igor"]
[Black "Scheuerlein, Gerhard"]
[Result "1-0"]
[WhiteElo "1821"]
[BlackElo "1585"]
[PlyCount "41"]
[EventDate "2014.??.??"]
[WhiteTeam "SW Nürnberg Süd e.V."]
[BlackTeam "SK Schwabach 1907 e.V."]

1. e4 e6 2. d4 d5 3. Nc3 Nf6 4. Bg5 Be7 5. e5 Nfd7 6. Bxe7 Qxe7 7. Qd2 a6 8. f4
c5 9. Nf3 cxd4 10. Nxd4 Nc6 11. Be2 Nxd4 12. Qxd4 f6 13. exf6 Nxf6 14. O-O O-O
15. Rae1 Qf7 16. Bf3 Bd7 17. f5 Rfe8 18. fxe6 Rxe6 19. Bxd5 Rae8 20. Bxe6 Bxe6
21. Ne4 1-0